000
00241 a2200097 4500
001
39812
100
_a
Coleman L L
245
_a
All Your Medical Questions Answered
260
_a
New Delhi
_b
Good House Keeping
_c
1977
090
_c
24816
_d
24816
942
_a
NUST-CAE
_c
M
_c
16465
999
_c
274885
_d
274885